| 000 | 00725nam a22002057a 4500 | ||
|---|---|---|---|
| 999 |
_c12206 _d12206 |
||
| 003 | AR-CdUCM | ||
| 008 | 190408b ||||| |||| 00| 0 spa d | ||
| 040 |
_aMUNICIPALIDAD PROVINCIAL DEL CUSCO _cBIBLIOTECA MUNICIPAL DEL CUSCO |
||
| 082 |
_a986.04 / _bR4 / 1827 |
||
| 100 |
_aRestrepo, José Manuel _929939 |
||
| 245 | _aHistoria de la revolución de la república de Colombia / | ||
| 260 |
_aParís : _bLibr. Americana, _c1827. |
||
| 300 |
_a198 páginas ; _c17 cm. |
||
| 505 | _aContenido: t.7. Historia de revolución de la Nueva Granada en la América del Sur. | ||
| 650 |
_aColombia _9140 |
||
| 650 |
_aHistoria _9136 |
||
| 650 |
_aEmancipación, 1810-1822 _929940 |
||
| 942 |
_2ddc _cLIBROS |
||
| 945 |
_aacv _d08/04/2019 |
||